[Event "Hoogeveen Matches"]
[Site "Hoogeveen, Netherlands"]
[Date "2018.10.21"]
[Round "1.2"]
[White "Fedoseev, Vladimir"]
[Black "Foreest, Jorden van"]
[Result "1/2-1/2"]
[WhiteElo "2713"]
[BlackElo "2617"]

1. d4 {[%clk 01:30:54]} Nf6 {[%clk 01:30:51]} {[%emt 00:00:09]} 2. c4 {[%clk
01:31:16]} {[%emt 00:00:05]} e6 {[%clk 01:31:12]} {[%emt 00:00:09]} 3. Nc3
{[%clk 01:29:59]} {[%emt 00:01:45]} Bb4 {[%clk 01:31:25]} {[%emt 00:00:17]} 4.
e3 {[%clk 01:28:27]} {[%emt 00:02:15]} O-O {[%clk 01:31:18]} {[%emt 00:00:36]}
5. Nge2 {[%clk 01:27:50]} {[%emt 00:01:02]} Re8 {[%clk 01:30:48]} {[%emt
00:01:01]} 6. Bd2 {[%clk 01:24:04]} {[%emt 00:04:30]} d5 {[%clk 01:26:49]}
{[%emt 00:04:07]} 7. Ng3 {[%clk 01:24:08]} {[%emt 00:00:39]} c5 {[%clk
01:20:44]} {[%emt 00:06:22]} 8. a3 {[%clk 01:15:59]} {[%emt 00:08:42]} Bxc3
{[%clk 01:17:20]} {[%emt 00:03:50]} 9. Bxc3 {[%clk 00:58:33]} {[%emt 00:17:57]}
cxd4 {[%clk 01:16:22]} {[%emt 00:01:50]} 10. Qxd4 {[%clk 00:54:18]} {[%emt
00:04:22]} e5 {[%clk 01:12:02]} {[%emt 00:05:10]} 11. Qd2 {[%clk 00:52:20]}
{[%emt 00:02:07]} Nc6 {[%clk 01:05:28]} {[%emt 00:07:07]} 12. b4 {[%clk
00:43:16]} {[%emt 00:09:31]} Be6 {[%clk 00:56:54]} {[%emt 00:09:04]} 13. b5
{[%clk 00:33:44]} {[%emt 00:10:07]} d4 {[%clk 00:55:06]} {[%emt 00:02:13]} 14.
bxc6 {[%clk 00:34:08]} {[%emt 00:00:13]} dxc3 {[%clk 00:55:30]} 15. Qxc3 {[%clk
00:34:32]} {[%emt 00:00:13]} bxc6 {[%clk 00:54:17]} {[%emt 00:01:55]} 16. Be2
{[%clk 00:34:55]} {[%emt 00:00:09]} Qc7 {[%clk 00:48:01]} {[%emt 00:06:23]} 17.
O-O {[%clk 00:35:12]} {[%emt 00:00:41]} Rab8 {[%clk 00:48:19]} {[%emt
00:00:13]} 18. h3 {[%clk 00:32:04]} {[%emt 00:03:10]} h6 {[%clk 00:46:26]}
{[%emt 00:02:24]} 19. Rfd1 {[%clk 00:31:49]} {[%emt 00:01:13]} Red8 {[%clk
00:46:15]} {[%emt 00:00:15]} 20. Bd3 {[%clk 00:26:55]} {[%emt 00:05:21]} Nd7
{[%clk 00:38:12]} {[%emt 00:08:33]} 21. Bf5 {[%clk 00:17:54]} {[%emt 00:09:32]}
Bxf5 {[%clk 00:36:12]} {[%emt 00:02:29]} 22. Nxf5 {[%clk 00:18:17]} {[%emt
00:00:42]} Nc5 {[%clk 00:35:34]} {[%emt 00:00:32]} 23. Rxd8+ {[%clk 00:14:16]}
{[%emt 00:04:33]} Rxd8 {[%clk 00:35:59]} {[%emt 00:00:05]} 24. Qb4 {[%clk
00:14:36]} {[%emt 00:00:08]} Ne6 {[%clk 00:24:44]} {[%emt 00:11:45]} 25. Rb1
{[%clk 00:10:17]} {[%emt 00:04:49]} Kh7 {[%clk 00:20:46]} {[%emt 00:04:28]} 26.
h4 {[%clk 00:09:30]} {[%emt 00:01:22]} Qd7 {[%clk 00:19:00]} {[%emt 00:02:12]}
27. Ng3 {[%clk 00:09:43]} {[%emt 00:00:37]} Qd3 {[%clk 00:18:52]} {[%emt
00:00:39]} 28. Rc1 {[%clk 00:07:18]} {[%emt 00:02:33]} Qd2 {[%clk 00:14:44]}
{[%emt 00:04:39]} 29. Qb1+ {[%clk 00:06:54]} {[%emt 00:01:15]} Qd3 {[%clk
00:14:19]} {[%emt 00:00:34]} 30. Qb4 {[%clk 00:06:41]} {[%emt 00:00:43]} Qd2
{[%clk 00:14:43]} {[%emt 00:00:30]} 31. Qb1+ {[%clk 00:05:47]} {[%emt
00:01:21]} Qd3 {[%clk 00:15:04]} {[%emt 00:00:09]} 32. h5 {[%clk 00:06:08]}
Qxb1 {[%clk 00:14:49]} {[%emt 00:00:36]} 33. Rxb1 {[%clk 00:06:33]} {[%emt
00:00:09]} Nc5 {[%clk 00:15:07]} {[%emt 00:00:05]} 34. Nf5 {[%clk 00:06:39]}
{[%emt 00:00:31]} Rd7 {[%clk 00:09:19]} {[%emt 00:06:32]} 35. Rb8 {[%clk
00:06:08]} {[%emt 00:00:42]} g6 {[%clk 00:05:21]} {[%emt 00:04:26]} 36. hxg6+
{[%clk 00:06:16]} {[%emt 00:00:46]} fxg6 {[%clk 00:05:45]} 37. Nh4 {[%clk
00:06:03]} {[%emt 00:00:28]} Nd3 {[%clk 00:00:52]} {[%emt 00:05:21]} 38. Rc8
{[%clk 00:04:17]} {[%emt 00:02:14]} c5 {[%clk 00:00:58]} {[%emt 00:00:35]} 39.
Rc6 {[%clk 00:04:40]} Rg7 {[%clk 00:00:44]} {[%emt 00:01:11]} 40. f3 {[%clk
00:01:35]} {[%emt 00:03:04]} h5 {[%clk 00:00:37]} {[%emt 00:00:37]} 41. Kf1
{[%clk 00:01:23]} {[%emt 00:00:48]} e4 {[%clk 00:24:44]} {[%emt 00:12:58]} 42.
fxe4 {[%clk 00:31:45]} {[%emt 00:00:38]} Re7 {[%clk 00:22:38]} {[%emt
00:03:15]} 43. Nf3 {[%clk 00:29:40]} {[%emt 00:01:59]} Kg7 {[%clk 00:21:00]}
{[%emt 00:02:06]} 44. Ke2 {[%clk 00:29:58]} {[%emt 00:00:22]} Rd7 {[%clk
00:18:02]} {[%emt 00:03:18]} 45. Ng5 {[%clk 00:26:09]} {[%emt 00:04:18]} Nc1+
{[%clk 00:16:13]} {[%emt 00:02:19]} 46. Kf3 {[%clk 00:25:48]} {[%emt 00:00:52]}
Kh6 {[%clk 00:13:29]} {[%emt 00:03:19]} 47. Rxc5 {[%clk 00:16:50]} {[%emt
00:09:21]} Nb3 {[%clk 00:13:49]} {[%emt 00:00:36]} 48. Rb5 {[%clk 00:16:53]}
{[%emt 00:00:09]} Nd2+ {[%clk 00:13:48]} {[%emt 00:00:24]} 49. Kf4 {[%clk
00:17:19]} {[%emt 00:00:29]} Nxc4 {[%clk 00:13:31]} {[%emt 00:00:44]} 50. Rb8
{[%clk 00:15:57]} {[%emt 00:01:36]} Ne5 {[%clk 00:10:22]} {[%emt 00:03:33]} 51.
Rh8+ {[%clk 00:11:00]} {[%emt 00:05:27]} Kg7 {[%clk 00:10:48]} {[%emt
00:00:30]} 52. Re8 {[%clk 00:11:23]} {[%emt 00:00:09]} Nd3+ {[%clk 00:10:43]}
{[%emt 00:00:07]} 53. Kg3 {[%clk 00:11:48]} {[%emt 00:00:14]} Kf6 {[%clk
00:10:15]} {[%emt 00:00:49]} 54. Nf3 {[%clk 00:11:09]} {[%emt 00:01:09]} Re7
{[%clk 00:07:44]} {[%emt 00:03:09]} 55. e5+ {[%clk 00:10:45]} {[%emt 00:00:47]}
Kf7 {[%clk 00:08:13]} {[%emt 00:00:37]} 56. Rxe7+ {[%clk 00:10:58]} {[%emt
00:00:13]} Kxe7 {[%clk 00:08:38]} 57. Kh4 {[%clk 00:11:23]} Nb2 {[%clk
00:09:05]} 58. Nd2 {[%clk 00:10:58]} {[%emt 00:00:42]} Nd3 {[%clk 00:08:09]}
{[%emt 00:01:19]} 59. Nc4 {[%clk 00:09:45]} {[%emt 00:01:43]} Ne1 {[%clk
00:07:59]} {[%emt 00:00:40]} 60. Kg3 {[%clk 00:04:04]} {[%emt 00:06:19]} Ke6
{[%clk 00:08:20]} {[%emt 00:00:04]} 61. Na5 {[%clk 00:04:28]} {[%emt 00:00:06]}
Nc2 {[%clk 00:07:22]} {[%emt 00:01:45]} 62. Nc4 {[%clk 00:04:35]} {[%emt
00:00:04]} Ne1 {[%clk 00:07:15]} {[%emt 00:00:35]} 63. a4 {[%clk 00:03:55]}
{[%emt 00:01:11]} Nd3 {[%clk 00:06:19]} {[%emt 00:02:07]} 64. Kh4 {[%clk
00:02:51]} {[%emt 00:00:53]} Ne1 {[%clk 00:06:44]} {[%emt 00:00:30]} 65. Kg3
{[%clk 00:02:50]} {[%emt 00:00:09]} Nd3 {[%clk 00:07:09]} {[%emt 00:00:04]} 66.
Kh4 {[%clk 00:02:37]} {[%emt 00:00:41]} Ne1 {[%clk 00:07:32]} {[%emt 00:00:39]}
1/2-1/2

[Event "Hoogeveen Matches"]
[Site "Hoogeveen, Netherlands"]
[Date "2018.10.27"]
[Round "7.1"]
[White "Fedoseev, Vladimir"]
[Black "Foreest, Jorden van"]
[Result "0-1"]
[WhiteElo "2713"]
[BlackElo "2617"]

1. b3 {[%clk 00:03:04]} {[%emt 00:01:53]} e5 {[%clk 00:03:03]} {[%emt
00:00:02]} 2. Bb2 {[%clk 00:03:05]} Nc6 {[%clk 00:03:04]} {[%emt 00:00:01]} 3.
e3 {[%clk 00:03:07]} g6 {[%clk 00:03:05]} {[%emt 00:00:01]} 4. c4 {[%clk
00:03:07]} {[%emt 00:00:02]} Bg7 {[%clk 00:03:06]} {[%emt 00:00:01]} 5. Nf3
{[%clk 00:03:08]} Nge7 {[%clk 00:03:07]} 6. d4 {[%clk 00:03:09]} {[%emt
00:00:02]} exd4 {[%clk 00:03:02]} {[%emt 00:00:07]} 7. Nxd4 {[%clk 00:03:09]}
{[%emt 00:00:02]} O-O {[%clk 00:03:00]} {[%emt 00:00:04]} 8. Be2 {[%clk
00:03:08]} {[%emt 00:00:03]} Nxd4 {[%clk 00:02:44]} {[%emt 00:00:17]} 9. Bxd4
{[%clk 00:03:09]} {[%emt 00:00:01]} d5 {[%clk 00:02:44]} {[%emt 00:00:02]} 10.
Bxg7 {[%clk 00:03:08]} {[%emt 00:00:03]} Kxg7 {[%clk 00:02:45]} {[%emt
00:00:01]} 11. Qd4+ {[%clk 00:03:08]} {[%emt 00:00:02]} Kg8 {[%clk 00:02:45]}
{[%emt 00:00:02]} 12. Nc3 {[%clk 00:03:07]} {[%emt 00:00:04]} Be6 {[%clk
00:02:40]} {[%emt 00:00:07]} 13. Rd1 {[%clk 00:02:42]} {[%emt 00:00:26]} dxc4
{[%clk 00:02:35]} {[%emt 00:00:07]} 14. Qc5 {[%clk 00:02:12]} {[%emt 00:00:32]}
Qe8 {[%clk 00:02:31]} {[%emt 00:00:06]} 15. Ne4 {[%clk 00:02:12]} {[%emt
00:00:02]} f6 {[%clk 00:01:29]} {[%emt 00:01:04]} 16. Bxc4 {[%clk 00:02:13]}
{[%emt 00:00:01]} Nc6 {[%clk 00:01:30]} {[%emt 00:00:01]} 17. O-O {[%clk
00:01:33]} {[%emt 00:00:42]} Qf7 {[%clk 00:01:28]} {[%emt 00:00:04]} 18. Bb5
{[%clk 00:00:54]} {[%emt 00:00:41]} Ne5 {[%clk 00:01:13]} {[%emt 00:00:17]} 19.
f4 {[%clk 00:00:40]} {[%emt 00:00:16]} Ng4 {[%clk 00:00:59]} {[%emt 00:00:16]}
20. h3 {[%clk 00:00:41]} {[%emt 00:00:01]} Nh6 {[%clk 00:00:57]} {[%emt
00:00:04]} 21. Qc3 {[%clk 00:00:37]} {[%emt 00:00:06]} a6 {[%clk 00:00:37]}
{[%emt 00:00:22]} 22. Be2 {[%clk 00:00:35]} {[%emt 00:00:03]} Rae8 {[%clk
00:00:38]} {[%emt 00:00:02]} 23. Nc5 {[%clk 00:00:34]} {[%emt 00:00:03]} Kh8
{[%clk 00:00:18]} {[%emt 00:00:22]} 24. e4 {[%clk 00:00:26]} {[%emt 00:00:10]}
Bc8 {[%clk 00:00:15]} {[%emt 00:00:05]} 25. Bf3 {[%clk 00:00:17]} {[%emt
00:00:11]} Qe7 {[%clk 00:00:15]} {[%emt 00:00:02]} 26. Rfe1 {[%clk 00:00:16]}
{[%emt 00:00:03]} Nf7 {[%clk 00:00:15]} {[%emt 00:00:02]} 27. Nd3 {[%clk
00:00:16]} {[%emt 00:00:02]} Rd8 {[%clk 00:00:14]} {[%emt 00:00:03]} 28. Rc1
{[%clk 00:00:17]} {[%emt 00:00:01]} c6 {[%clk 00:00:16]} {[%emt 00:00:01]} 29.
e5 {[%clk 00:00:17]} {[%emt 00:00:02]} fxe5 {[%clk 00:00:16]} {[%emt 00:00:01]}
30. fxe5 {[%clk 00:00:16]} {[%emt 00:00:04]} Ng5 {[%emt 00:00:17]} 0-1

[Event "Hoogeveen Matches"]
[Site "Hoogeveen, Netherlands"]
[Date "2018.10.27"]
[Round "8.1"]
[White "Foreest, Jorden van"]
[Black "Fedoseev, Vladimir"]
[Result "0-1"]
[WhiteElo "2617"]
[BlackElo "2713"]

1. e4 {[%clk 00:03:02]} d6 {[%clk 00:03:04]} 2. d4 {[%clk 00:03:04]} g6 {[%clk
00:03:05]} {[%emt 00:00:02]} 3. Nf3 {[%clk 00:03:02]} {[%emt 00:00:04]} Bg7
{[%clk 00:03:06]} 4. Bc4 {[%clk 00:03:00]} {[%emt 00:00:05]} e6 {[%clk
00:03:06]} {[%emt 00:00:02]} 5. Bb3 {[%clk 00:03:01]} {[%emt 00:00:01]} Nd7
{[%clk 00:03:04]} {[%emt 00:00:03]} 6. O-O {[%clk 00:03:00]} {[%emt 00:00:03]}
h6 {[%clk 00:03:05]} 7. Re1 {[%clk 00:02:54]} {[%emt 00:00:08]} Ne7 {[%clk
00:03:01]} {[%emt 00:00:06]} 8. c3 {[%clk 00:02:52]} {[%emt 00:00:04]} a6
{[%clk 00:02:57]} {[%emt 00:00:06]} 9. Nbd2 {[%clk 00:02:52]} {[%emt 00:00:03]}
b6 {[%clk 00:02:57]} {[%emt 00:00:02]} 10. Nf1 {[%clk 00:02:52]} {[%emt
00:00:01]} Bb7 {[%clk 00:02:48]} {[%emt 00:00:11]} 11. Ng3 {[%clk 00:02:52]}
{[%emt 00:00:02]} Kf8 {[%clk 00:02:18]} {[%emt 00:00:33]} 12. Bf4 {[%clk
00:02:46]} {[%emt 00:00:08]} Kg8 {[%clk 00:02:17]} {[%emt 00:00:03]} 13. e5
{[%clk 00:02:44]} {[%emt 00:00:04]} dxe5 {[%clk 00:01:27]} {[%emt 00:00:53]} 14.
Nxe5 {[%clk 00:02:45]} {[%emt 00:00:01]} Nxe5 {[%clk 00:01:28]} {[%emt
00:00:01]} 15. Bxe5 {[%clk 00:02:45]} {[%emt 00:00:01]} Nd5 {[%clk 00:01:27]}
{[%emt 00:00:03]} 16. Qf3 {[%clk 00:02:31]} {[%emt 00:00:16]} Rb8 {[%clk
00:01:28]} 17. Rad1 {[%clk 00:02:25]} {[%emt 00:00:10]} Nf6 {[%clk 00:01:12]}
{[%emt 00:00:18]} 18. Qf4 {[%clk 00:02:14]} {[%emt 00:00:11]} Rc8 {[%clk
00:00:57]} {[%emt 00:00:19]} 19. c4 {[%clk 00:02:08]} {[%emt 00:00:07]} Nd7
{[%clk 00:00:43]} {[%emt 00:00:16]} 20. Ba4 {[%clk 00:01:40]} {[%emt 00:00:31]}
c6 {[%clk 00:00:23]} {[%emt 00:00:22]} 21. Bxg7 {[%clk 00:01:35]} {[%emt
00:00:06]} Kxg7 {[%clk 00:00:24]} 22. Ne4 {[%clk 00:01:36]} {[%emt 00:00:02]}
Rb8 {[%clk 00:00:16]} {[%emt 00:00:10]} 23. Nd6 {[%clk 00:01:37]} Qf6 {[%clk
00:00:15]} {[%emt 00:00:03]} 24. Qxf6+ {[%clk 00:01:33]} {[%emt 00:00:06]} Nxf6
{[%clk 00:00:16]} {[%emt 00:00:02]} 25. Nxb7 {[%clk 00:01:34]} {[%emt
00:00:01]} b5 {[%clk 00:00:12]} {[%emt 00:00:06]} 26. Nc5 {[%clk 00:01:26]}
{[%emt 00:00:10]} bxa4 27. Nxa4 {[%clk 00:01:26]} Rhd8 {[%clk 00:00:14]} {[%emt
00:00:02]} 28. b3 {[%clk 00:01:27]} {[%emt 00:00:01]} a5 {[%clk 00:00:15]} 29.
f3 {[%clk 00:01:27]} {[%emt 00:00:02]} h5 {[%clk 00:00:13]} {[%emt 00:00:05]}
30. Re5 {[%clk 00:01:28]} Ra8 {[%clk 00:00:13]} {[%emt 00:00:02]} 31. Kf2
{[%clk 00:01:29]} Nd7 {[%clk 00:00:13]} {[%emt 00:00:02]} 32. Ree1 {[%clk
00:01:28]} {[%emt 00:00:02]} Nb8 {[%clk 00:00:10]} {[%emt 00:00:05]} 33. Nc5
{[%clk 00:01:29]} {[%emt 00:00:01]} Ra7 {[%clk 00:00:09]} {[%emt 00:00:04]} 34.
Rxe6 {[%clk 00:01:25]} {[%emt 00:00:06]} fxe6 {[%clk 00:00:10]} {[%emt
00:00:01]} 35. Nxe6+ {[%emt 00:00:01]} Kf6 36. Nxd8 {[%clk 00:01:22]} {[%emt
00:00:05]} Rd7 {[%clk 00:00:13]} 37. Nxc6 {[%clk 00:01:16]} {[%emt 00:00:08]}
Nxc6 {[%clk 00:00:15]} {[%emt 00:00:01]} 38. d5 {[%clk 00:01:12]} {[%emt
00:00:05]} Nb4 {[%clk 00:00:16]} 39. Rd2 {[%clk 00:01:12]} {[%emt 00:00:03]}
Ke5 {[%clk 00:00:14]} {[%emt 00:00:04]} 40. Ke3 {[%emt 00:00:11]} Re7 41. a3
{[%clk 00:00:49]} {[%emt 00:00:16]} Kd6+ {[%clk 00:00:08]} {[%emt 00:00:09]} 42.
Kf4 {[%clk 00:00:50]} Na6 {[%clk 00:00:09]} {[%emt 00:00:02]} 43. Kg5 {[%clk
00:00:51]} Re3 {[%clk 00:00:11]} 44. b4 {[%clk 00:00:51]} {[%emt 00:00:01]} a4
{[%clk 00:00:09]} {[%emt 00:00:04]} 45. c5+ {[%clk 00:00:53]} Kd7 {[%clk
00:00:11]} 46. Ra2 {[%clk 00:00:49]} {[%emt 00:00:05]} Nc7 {[%clk 00:00:12]} 47.
d6 {[%clk 00:00:49]} {[%emt 00:00:02]} Nb5 {[%clk 00:00:14]} 48. Rc2 {[%clk
00:00:34]} {[%emt 00:00:18]} Rxa3 {[%clk 00:00:11]} {[%emt 00:00:05]} 49. Kxg6
{[%clk 00:00:20]} {[%emt 00:00:16]} Rb3 {[%clk 00:00:12]} {[%emt 00:00:01]} 50.
c6+ {[%clk 00:00:10]} {[%emt 00:00:13]} Kxd6 {[%emt 00:00:01]} 51. Rc5 Rxb4
{[%clk 00:00:13]} {[%emt 00:00:02]} 52. c7 {[%clk 00:00:11]} {[%emt 00:00:02]}
Nxc7 {[%clk 00:00:14]} {[%emt 00:00:01]} 53. Ra5 {[%clk 00:00:13]} Kc6 {[%clk
00:00:13]} {[%emt 00:00:03]} 54. Kxh5 {[%clk 00:00:07]} {[%emt 00:00:08]} Rb5+
{[%clk 00:00:15]} {[%emt 00:00:01]} 55. Rxb5 {[%clk 00:00:06]} {[%emt
00:00:02]} Nxb5 {[%clk 00:00:16]} 0-1

[Event "Hoogeveen Matches"]
[Site "Hoogeveen, Netherlands"]
[Date "2018.10.27"]
[Round "9.1"]
[White "Fedoseev, Vladimir"]
[Black "Foreest, Jorden van"]
[Result "1-0"]
[WhiteElo "2713"]
[BlackElo "2617"]

1. b3 {[%clk 00:03:04]} e5 {[%clk 00:03:03]} 2. Bb2 {[%clk 00:03:05]} Nc6
{[%clk 00:03:04]} {[%emt 00:00:02]} 3. e3 {[%clk 00:03:06]} Nf6 {[%clk
00:03:05]} {[%emt 00:00:01]} 4. c4 {[%clk 00:03:06]} {[%emt 00:00:03]} d5
{[%clk 00:02:52]} {[%emt 00:00:14]} 5. cxd5 {[%clk 00:03:07]} Nxd5 {[%clk
00:02:53]} {[%emt 00:00:01]} 6. a3 {[%clk 00:03:09]} Bd6 {[%clk 00:02:50]}
{[%emt 00:00:06]} 7. Nc3 {[%clk 00:03:10]} Nxc3 {[%clk 00:02:50]} {[%emt
00:00:01]} 8. Bxc3 {[%clk 00:03:10]} {[%emt 00:00:02]} a5 {[%clk 00:02:51]}
{[%emt 00:00:01]} 9. Nf3 {[%clk 00:03:09]} {[%emt 00:00:02]} Qe7 {[%clk
00:02:53]} {[%emt 00:00:01]} 10. Qc2 {[%clk 00:03:02]} {[%emt 00:00:09]} O-O
{[%clk 00:02:44]} {[%emt 00:00:10]} 11. Bd3 {[%clk 00:02:58]} {[%emt 00:00:06]}
f5 {[%clk 00:02:44]} {[%emt 00:00:02]} 12. Bc4+ {[%clk 00:02:45]} {[%emt
00:00:15]} Be6 {[%clk 00:02:38]} {[%emt 00:00:08]} 13. Bxe6+ {[%clk 00:02:19]}
{[%emt 00:00:29]} Qxe6 {[%clk 00:02:38]} {[%emt 00:00:02]} 14. d3 {[%clk
00:02:20]} Rae8 {[%clk 00:02:30]} {[%emt 00:00:10]} 15. O-O {[%clk 00:02:04]}
{[%emt 00:00:18]} Rf6 {[%clk 00:02:12]} {[%emt 00:00:19]} 16. d4 {[%clk
00:01:50]} {[%emt 00:00:17]} e4 {[%clk 00:02:12]} {[%emt 00:00:02]} 17. d5
{[%clk 00:01:51]} {[%emt 00:00:02]} Qxd5 {[%clk 00:02:11]} {[%emt 00:00:03]} 18.
Bxf6 {[%clk 00:01:52]} {[%emt 00:00:01]} exf3 {[%clk 00:02:11]} {[%emt
00:00:01]} 19. Rfd1 {[%clk 00:01:52]} {[%emt 00:00:02]} Qf7 {[%clk 00:01:57]}
{[%emt 00:00:16]} 20. Bh4 {[%clk 00:01:52]} {[%emt 00:00:02]} fxg2 {[%clk
00:01:49]} {[%emt 00:00:10]} 21. Bg3 {[%clk 00:01:42]} {[%emt 00:00:12]} Ne5
{[%clk 00:01:35]} {[%emt 00:00:17]} 22. Kxg2 {[%clk 00:01:38]} {[%emt
00:00:06]} Qh5 {[%clk 00:01:28]} {[%emt 00:00:08]} 23. Rac1 {[%clk 00:01:35]}
{[%emt 00:00:06]} Qf3+ {[%clk 00:01:21]} {[%emt 00:00:09]} 24. Kg1 {[%clk
00:01:35]} {[%emt 00:00:02]} Qg4 {[%clk 00:01:20]} {[%emt 00:00:03]} 25. f4
{[%clk 00:01:12]} {[%emt 00:00:25]} Ng6 {[%clk 00:01:11]} {[%emt 00:00:11]} 26.
Kf2 {[%clk 00:01:10]} {[%emt 00:00:04]} h5 {[%clk 00:01:07]} {[%emt 00:00:06]}
27. h3 {[%clk 00:01:02]} {[%emt 00:00:10]} Qxh3 {[%clk 00:01:07]} {[%emt
00:00:03]} 28. Rh1 {[%clk 00:01:04]} Qg4 {[%clk 00:01:07]} {[%emt 00:00:02]} 29.
Rcg1 {[%clk 00:01:05]} h4 {[%clk 00:01:01]} {[%emt 00:00:10]} 30. Bxh4 {[%clk
00:01:02]} {[%emt 00:00:05]} Qxh4+ {[%clk 00:00:07]} {[%emt 00:00:56]} 31. Rxh4
{[%clk 00:01:03]} {[%emt 00:00:01]} Nxh4 {[%clk 00:00:08]} {[%emt 00:00:01]} 32.
Qc3 {[%clk 00:00:56]} {[%emt 00:00:08]} g6 {[%clk 00:00:09]} {[%emt 00:00:01]}
33. Qf6 {[%clk 00:00:51]} {[%emt 00:00:06]} Be7 {[%clk 00:00:10]} {[%emt
00:00:02]} 34. Qe5 {[%clk 00:00:30]} {[%emt 00:00:20]} c6 {[%clk 00:00:08]}
{[%emt 00:00:07]} 35. Rd1 {[%clk 00:00:23]} {[%emt 00:00:08]} Kf7 {[%clk
00:00:04]} {[%emt 00:00:06]} 36. Rd7 {[%clk 00:00:22]} {[%emt 00:00:03]} g5
{[%clk 00:00:05]} {[%emt 00:00:01]} 37. fxg5 {[%clk 00:00:23]} {[%emt
00:00:01]} Ng6 {[%clk 00:00:07]} 38. Qf6+ {[%clk 00:00:24]} {[%emt 00:00:02]}
1-0